[Event "Eesti noorte klubide mv-sed"]
[Site "Kohtla-Järve"]
[Date "2020.09.25"]
[Round "1.1"]
[White "Vaino, Nikita"]
[Black "Andrijashkin, Deniss"]
[Result "1/2-1/2"]
[WhiteElo "1752"]
[BlackElo "1950"]
[PlyCount "51"]
[EventDate "2020.09.25"]
[EventType "team"]
[EventCountry "EST"]
[SourceVersionDate "2020.10.16"]
[WhiteTeam "SK Maletäht 2"]
[BlackTeam "SK Maletäht 1"]

1. c4 g6 2. Nc3 Bg7 3. g3 c5 4. Bg2 Nc6 5. d3 e6 6. e4 Nge7 7. Nge2 O-O 8. O-O
d6 9. f4 a6 10. Be3 Nd4 11. Rb1 Nec6 12. a3 Rb8 13. b4 b5 14. bxc5 dxc5 15.
cxb5 axb5 16. e5 Nxe2+ 17. Qxe2 Nd4 18. Qf2 f6 19. Bxd4 cxd4 20. exf6 Bxf6 21.
Nxb5 Ba6 22. a4 Qa5 23. Qa2 Kg7 24. Qb3 Rfc8 25. Be4 Rb6 26. Qb4 1/2-1/2

[Event "Eesti noorte klubide mv-sed"]
[Site "Kohtla-Järve"]
[Date "2020.09.25"]
[Round "1.2"]
[White "Aga, Rihard"]
[Black "Rikas, Artur"]
[Result "1-0"]
[WhiteElo "1974"]
[BlackElo "1563"]
[PlyCount "61"]
[EventDate "2020.09.25"]
[EventType "team"]
[EventCountry "EST"]
[SourceVersionDate "2020.10.16"]
[WhiteTeam "SK Maletäht 1"]
[BlackTeam "SK Maletäht 2"]

1. d4 Nf6 2. c4 e6 3. Nc3 Bb4 4. Qc2 d5 5. e3 O-O 6. Nf3 Ne4 7. Bd2 Bxc3 8.
Bxc3 b6 9. Bd3 f5 10. b4 Bb7 11. c5 Nd7 12. O-O g5 13. Bb2 c6 14. Ne1 Qc7 15.
Qe2 Rf6 16. f3 Rh6 17. g3 Nef6 18. Bc1 Rf8 19. Ng2 Bc8 20. e4 dxe4 21. fxe4 Ng4
22. Bxg5 Rxh2 23. Rf4 Rh5 24. Be7 Ndf6 25. Bxf8 Kxf8 26. e5 Qg7 27. exf6 Qh6
28. Rxg4 Rh1+ 29. Kf2 Rxa1 30. Rh4 Qc1 31. Ne1 1-0

[Event "Eesti noorte klubide mv-sed"]
[Site "Kohtla-Järve"]
[Date "2020.09.25"]
[Round "1.3"]
[White "Sadekov, Maksim"]
[Black "Nikitin, Arseni"]
[Result "1/2-1/2"]
[WhiteElo "1684"]
[BlackElo "1573"]
[PlyCount "73"]
[EventDate "2020.09.25"]
[EventType "team"]
[EventCountry "EST"]
[SourceVersionDate "2020.10.16"]
[WhiteTeam "SK Maletäht 2"]
[BlackTeam "SK Maletäht 1"]

1. d4 Nf6 2. c4 e6 3. Nf3 d5 4. Nc3 Bb4 5. Bg5 h6 6. Bxf6 Qxf6 7. Qa4+ Nc6 8.
Ne5 $2 (8. e3) 8... Bd7 9. Nxd7 Qxd4 $1 $17 10. Qc2 Kxd7 (10... Qxc4 11. e3 Qg4
12. h3 Qg5 13. Bb5 Kxd7 14. O-O $17) 11. cxd5 exd5 12. Rd1 Qe5 13. a3 Bxc3+ 14.
bxc3 Ke7 15. e3 Rad8 16. Qb2 b6 17. Bb5 Na5 18. O-O c6 19. Be2 Rhe8 20. Rd4 c5
21. Rf4 Kf8 22. Qc2 Nb7 (22... Kg8 23. h4 (23. Rh4) (23. Rd1 Nc4 $1 24. Bxc4
dxc4 25. Rxc4 (25. Rxd8 Rxd8 $19 26. Rxc4 $4 Qd5) 25... b5 26. Rf4 Qxc3 27. Qb1
Rxd1+ 28. Qxd1 b4 $19) 23... Rd6 $17) 23. Rd1 (23. Bb5 Re6 24. Rf5 (24. Qh7 Nd6
) 24... Qe4 25. Bd3 Qh4 26. c4 d4 $17) 23... Nd6 24. Bf3 Ne4 25. g4 g5 26. Rf5
Qe6 27. c4 d4 28. exd4 cxd4 29. Re1 d3 30. Qb2 d2 $19 31. Rd1 Kg8 32. Qb3 Nc5
33. Qc2 Qe1+ 34. Kg2 Nd3 35. Bd5 Rxd5 36. cxd5 Qe4+ $2 (36... Qe2 $19 {[%cal
Re2g4,Rd3e1]} 37. Kh1 Qxd1+ 38. Qxd1 Re1+) 37. Kg3 1/2-1/2

[Event "Eesti noorte klubide mv-sed"]
[Site "Kohtla-Järve"]
[Date "2020.09.25"]
[Round "1.4"]
[White "Lazojev, Mark"]
[Black "Rodin, Robert"]
[Result "1/2-1/2"]
[WhiteElo "1210"]
[BlackElo "1136"]
[PlyCount "78"]
[EventDate "2020.09.25"]
[EventType "team"]
[EventCountry "EST"]
[SourceVersionDate "2020.10.16"]
[WhiteTeam "SK Maletäht 1"]
[BlackTeam "SK Maletäht 2"]

1. c4 e5 2. Nc3 Nf6 3. g3 Bc5 4. Bg2 c6 5. Nf3 d6 6. d3 Bf5 7. O-O h6 8. a3 a5
9. Na4 Nbd7 10. Nxc5 Nxc5 11. Be3 Ne6 12. b4 O-O 13. Qb3 a4 14. Qc2 Bh7 15.
Rab1 Qc7 16. Qc3 Nd7 17. Nd2 Nf6 18. Nf3 d5 19. cxd5 Nxd5 20. Qxe5 Rfe8 21. Qb2
Nxe3 22. fxe3 Qb6 23. Kf2 Ng5 24. Qd4 Qxd4 25. Nxd4 Rad8 26. h4 Ne6 27. Nxe6
Rxe6 28. e4 f5 29. Bh3 Re5 30. exf5 Bxf5 31. Bxf5 Rxf5+ 32. Kg2 Re5 33. Rfe1
Kf7 34. Rbd1 Kg6 35. Rd2 Kf5 36. Rf1+ Ke6 37. Re1 g5 38. hxg5 Rxg5 39. Rh1 h5
1/2-1/2

[Event "Eesti noorte klubide mv-sed"]
[Site "Kohtla-Järve"]
[Date "2020.09.25"]
[Round "1.5"]
[White "Ivanova, Ksenja"]
[Black "Blohhin, Sofia"]
[Result "0-1"]
[WhiteElo "1028"]
[BlackElo "1947"]
[PlyCount "120"]
[EventDate "2020.09.25"]
[EventType "team"]
[EventCountry "EST"]
[SourceVersionDate "2020.10.16"]
[WhiteTeam "SK Maletäht 2"]
[BlackTeam "SK Maletäht 1"]

1. e4 c5 2. Nf3 e6 3. d4 cxd4 4. Nxd4 a6 5. Nc3 Qc7 6. Be3 Bb4 7. Nde2 Nf6 8.
Qd3 Nc6 9. Bf4 d6 10. a3 Bxc3+ 11. Nxc3 Ne5 12. Bxe5 dxe5 13. Qc4 Qxc4 14. Bxc4
Bd7 15. O-O-O Rc8 16. Bb3 Ke7 17. f3 b5 18. Rd2 Rc7 19. Rf1 a5 20. Kb1 a4 21.
Ba2 Rb8 22. Rff2 b4 23. axb4 Rxb4 24. Kc1 Rb6 25. Rd3 Ne8 26. h3 Nd6 27. Re3
Nb7 28. Rd2 Na5 29. Rf2 Rcb7 30. Rd3 Rxb2 31. Kd2 Nc6 32. Bc4 Nd4 33. Kd1 a3
34. Kc1 Rc7 35. Ba6 Rb6 36. Kd1 Rxc3 37. Rxc3 Rxa6 38. Rf1 a2 39. Kd2 a1=Q 40.
Rxa1 Rxa1 41. Re3 Ra2 42. Rc3 Rxc2+ 43. Rxc2 Nxc2 44. Kxc2 Bb5 45. g3 Bf1 46.
f4 exf4 47. gxf4 Bxh3 48. Kd3 Bg2 49. e5 h5 50. Ke3 h4 51. Kf2 h3 52. Kg3 f6
53. exf6+ gxf6 54. Kh2 e5 55. fxe5 fxe5 56. Kg3 e4 57. Kf2 e3+ 58. Kg3 e2 59.
Kf2 e1=Q+ 60. Kxe1 h2 0-1

[Event "Eesti noorte klubide mv-sed"]
[Site "Kohtla-Järve"]
[Date "2020.09.25"]
[Round "1.6"]
[White "Poluektova, Arina"]
[Black "Rogaten, Varvara"]
[Result "1/2-1/2"]
[WhiteElo "1241"]
[BlackElo "1319"]
[PlyCount "94"]
[EventDate "2020.09.25"]
[EventType "team"]
[EventCountry "EST"]
[SourceVersionDate "2020.10.16"]
[WhiteTeam "SK Maletäht 1"]
[BlackTeam "SK Maletäht 2"]

1. e4 e5 2. Nf3 Nc6 3. c3 Nf6 4. d4 exd4 5. e5 Qe7 6. cxd4 Nd5 7. Nc3 Nxc3 8.
bxc3 d6 9. Qe2 Bg4 10. exd6 Qxe2+ 11. Bxe2 Bxd6 12. O-O O-O 13. h3 Bd7 14. Bd2
Rfe8 15. Rfe1 Ne7 16. Bc4 c5 17. Re2 b5 18. Bb3 c4 19. Bc2 Nd5 20. Rae1 Nf6 21.
Rxe8+ Rxe8 22. Rxe8+ Bxe8 23. Kf1 a5 24. Ke2 b4 25. cxb4 axb4 26. Ng5 Bb5 27.
Kd1 c3 28. Be3 Bc4 29. Bb3 Bxb3+ 30. axb3 h6 31. Nf3 Nd5 32. Kc2 Bf4 33. Bxf4
Nxf4 34. Ne1 f6 35. h4 Kf7 36. g3 Nd5 37. Kd3 Ke6 38. Nc2 f5 39. f4 g6 40. Ne1
Kd6 41. Nc2 Kc6 42. Kc4 h5 43. Kd3 Kb5 44. Ne1 Nf6 45. Nf3 Ne4 46. Ne5 Nd2 47.
Kc2 Ne4 1/2-1/2

[Event "Eesti noorte klubide mv-sed"]
[Site "Kohtla-Järve"]
[Date "2020.09.25"]
[Round "1.1"]
[White "Timoshin, Andrei"]
[Black "Pedmanson, Herman"]
[Result "1/2-1/2"]
[WhiteElo "2126"]
[BlackElo "1867"]
[PlyCount "135"]
[EventDate "2020.09.25"]
[EventType "team"]
[EventCountry "EST"]
[SourceVersionDate "2020.10.16"]
[WhiteTeam "Kohtla-Järve Kalev"]
[BlackTeam "Tartu Kalev"]

1. e4 c6 2. d4 d5 3. Nd2 g6 4. e5 Bg7 5. Bd3 e6 (5... c5) 6. Ndf3 Nd7 7. Ne2 c5
8. c3 Qc7 9. Bf4 Ne7 10. Qd2 h5 $2 {[%csl Rg5]} 11. O-O Rb8 12. b3 b5 13. Rfc1
c4 14. Bc2 a5 15. Rab1 Ba6 16. bxc4 (16. Bg5 {[%cal Re2f4]} Nf5 17. Nf4 Rb6 (
17... Nb6 18. Bf6 Bxf6 19. exf6 Qd8 20. Bxf5 gxf5 21. Ne5 Qxf6 22. Re1 Bc8 (
22... cxb3 23. axb3) 23. bxc4 Nxc4 24. Nxc4 dxc4 25. d5 Rb7 26. h4 $40) 18.
bxc4 bxc4 19. Rxb6 Qxb6 20. Rb1 $18 {[%csl Rh8]} Qc6 21. Bxf5 exf5 22. e6 fxe6
23. Nxg6 $18) 16... dxc4 17. Ng3 Nd5 18. Ne4 O-O 19. Bh6 b4 20. Bxg7 Kxg7 21.
Qg5 Qd8 22. Qg3 bxc3 23. a3 Qe7 24. Nfg5 Rxb1 $6 (24... Rb2) 25. Rxb1 Qxa3 $4
26. Nd6 $2 (26. Nxe6+ $3 fxe6 27. Nc5 $18) 26... Ne7 27. h4 (27. Ndxf7 $1 Rxf7
28. Nxe6+ Kh8 29. d5 Qa2 30. Nd4 $3 Nf5 31. Qxg6 Nxd4 32. Qxf7 (32. Qxh5+ $3
Kg8 33. e6 Qxc2 34. Qxf7+ Kh8 35. Rf1 $18) 32... Qxc2 33. Qe8+ Kh7 34. Qxd7+
Kh6 35. Rb6+ Kg5 36. h4+ Kf4 37. Rf6+ Ke4 38. Kh2 $1 $40) 27... Qa2 28. Be4 c2
29. Rc1 Qb2 30. Qe3 Nb6 31. Rxc2 Qb3 32. Qc1 a4 33. Rb2 Qa3 34. Qc2 (34. Ngxf7
$1 Rxf7 35. Nxf7 Kxf7 36. Qf4+ Nf5 37. Rxb6 $18) 34... Nbd5 35. Ra2 (35. Ndxf7
Rxf7 36. Nxe6+ Kh7 37. Ng5+ (37. Rb8 c3 38. Ng5+ Kg7 39. Nxf7 Kxf7 40. Kh2 $1
$40 {[%cal Rc2d1,Rd1f3]} (40. Qd1 Kg7 41. Qf3 $4 Qc1+ 42. Kh2 Qf4+)) 37... Kg7)
35... Qb4 36. Rxa4 Qe1+ 37. Kh2 c3 38. Nf3 (38. Rxa6 Nb4 39. Qa4 (39. Nf3 $3
Qf1 40. Qxc3 Nxa6 41. Bd3 Qxf2 42. Bxa6 $16) 39... Nxa6 40. Qxa6 Qxf2 $13)
38... Qe2 39. Ra2 Qxc2 40. Rxc2 Rb8 41. g3 $2 (41. Ra2 $1 $11) 41... Rb2 42.
Kg2 Rxc2 43. Bxc2 Nb4 44. Ne1 Nxc2 (44... Nec6 $19) 45. Nxc2 Bd3 (45... Be2 $1
{[%cal Re2d1]}) 46. Na1 Nc6 47. Nb3 Bc2 48. Nc1 Nxd4 49. Kf1 (49. Na2 $11)
49... Ba4 50. f4 Bc6 51. Kf2 Nf5 $4 (51... f6 $17) 52. Nxf5+ gxf5 53. Ke3 $11
Be4 54. Ne2 c2 55. Kd2 Kf8 56. Nc3 Bd3 57. Na2 Be4 58. Nc3 Kg7 59. Ne2 f6 60.
Nd4 fxe5 61. fxe5 Kf7 62. Ne2 Bf3 63. Nd4 Be4 64. Nxc2 Bxc2 65. Kxc2 Ke7 66.
Kd3 Kd7 67. Kd4 Kc6 68. Kc4 1/2-1/2

[Event "Eesti noorte klubide mv-sed"]
[Site "Kohtla-Järve"]
[Date "2020.09.25"]
[Round "1.2"]
[White "Raide, Sivert"]
[Black "Kuldmaa, Tanel"]
[Result "1-0"]
[WhiteElo "1356"]
[BlackElo "1383"]
[PlyCount "57"]
[EventDate "2020.09.25"]
[EventType "team"]
[EventCountry "EST"]
[SourceVersionDate "2020.10.16"]
[WhiteTeam "Tartu Kalev"]
[BlackTeam "Kohtla-Järve Kalev"]

1. d4 d5 2. Nf3 Nf6 3. Bf4 e6 4. e3 Nh5 5. Bg3 Nxg3 6. hxg3 Bd6 7. Bd3 h6 8.
Nbd2 Nd7 9. e4 dxe4 10. Nxe4 Be7 11. Qe2 b6 12. Bb5 O-O 13. Bc6 Rb8 14. O-O-O
Nf6 15. Ne5 Bb7 16. f4 Bc8 17. g4 Nd5 18. g3 f6 19. Ng6 Rf7 20. c4 Nb4 21. d5
exd5 22. Bxd5 Nxd5 23. Rxd5 Qe8 24. g5 Bb7 25. gxh6 gxh6 26. Rxh6 Rh7 27. Nxe7+
Kf8 28. Rxh7 Bxd5 29. Rh8+ 1-0

[Event "Eesti noorte klubide mv-sed"]
[Site "Kohtla-Järve"]
[Date "2020.09.25"]
[Round "1.3"]
[White "East, Marek"]
[Black "Lehes, Erik Johannes"]
[Result "0-1"]
[WhiteElo "1391"]
[BlackElo "1131"]
[PlyCount "50"]
[EventDate "2020.09.25"]
[EventType "team"]
[EventCountry "EST"]
[SourceVersionDate "2020.10.16"]
[WhiteTeam "Kohtla-Järve Kalev"]
[BlackTeam "Tartu Kalev"]

1. e4 c6 2. Nc3 d5 3. exd5 cxd5 4. Nf3 Bg4 5. h3 Bh5 6. g4 Bg6 7. Ne5 Nf6 8.
Bb5+ Nbd7 9. Nxd7 Nxd7 10. Nxd5 Be4 11. Ne3 Bxh1 12. f3 a6 13. Be2 h5 14. Kf2
hxg4 15. Qxh1 gxh3 16. Bf1 h2 17. b3 e6 18. Bc4 Qh4+ 19. Ke2 Nf6 20. Bb2 Nh5
21. Nf1 Bc5 22. d4 Bxd4 23. Bxd4 Qxd4 24. Rd1 Nf4+ 25. Ke1 Qg1 0-1

[Event "Eesti noorte klubide mv-sed"]
[Site "Kohtla-Järve"]
[Date "2020.09.25"]
[Round "1.4"]
[White "Õim, Mikk Kaarel"]
[Black "Gridin, Maksim"]
[Result "1-0"]
[WhiteElo "1191"]
[BlackElo "1267"]
[PlyCount "183"]
[EventDate "2020.09.25"]
[EventType "team"]
[EventCountry "EST"]
[SourceVersionDate "2020.10.16"]
[WhiteTeam "Tartu Kalev"]
[BlackTeam "Kohtla-Järve Kalev"]

1. e4 c5 2. Nf3 Nc6 3. d4 cxd4 4. Nxd4 Qb6 5. Nb3 Nf6 6. Nc3 d6 7. Be3 Qc7 8.
Be2 e6 9. O-O Be7 10. Qd2 a6 11. Nd4 Nxd4 12. Bxd4 e5 13. Be3 Be6 14. Rac1 O-O
15. Bg5 h6 16. Bxf6 Bxf6 17. g3 Qc6 18. Rfd1 Rfd8 19. Nd5 Bxd5 20. Qxd5 Qxd5
21. Rxd5 Rac8 22. c3 Rc5 23. Rcd1 Rxd5 24. Rxd5 Be7 25. Bg4 Rb8 26. a4 g6 27.
h4 b5 28. axb5 axb5 29. Bd7 b4 30. c4 Rb7 31. Bb5 Ra7 32. b3 Ra1+ 33. Kg2 Rc1
34. Ba4 Re1 35. Kf3 f5 36. exf5 gxf5 37. Rb5 Kf7 38. Rb7 Rc1 39. Kg2 e4 40. Bc6
Rc3 41. Rxb4 Rc2 42. Kf1 Rc1+ 43. Ke2 Rc2+ 44. Ke3 Rc3+ 45. Kd2 Rd3+ 46. Ke2
Rc3 47. Kd2 Rd3+ 48. Ke2 Rc3 49. Bd7 d5 50. Rb5 d4 51. Rxf5+ Kg6 52. Rd5 Rc2+
53. Ke1 d3 54. Bf5+ Kf6 55. Bxe4 Bb4+ 56. Kd1 Rd2+ 57. Kc1 Rc2+ 58. Kb1 Rxf2
59. Rxd3 Rf1+ 60. Kc2 Rf2+ 61. Kd1 Rf1+ 62. Ke2 Re1+ 63. Kf3 Rf1+ 64. Kg2 Re1
65. Rf3+ Ke7 66. Bd5 Bc5 67. Rf7+ Kd8 68. Rf6 Rg1+ 69. Kh3 h5 70. Rf5 Rh1+ 71.
Bxh1 Bb4 72. Rxh5 Kc7 73. Rh7+ Kd6 74. Rh5 Ke6 75. g4 Kf6 76. c5 Kg6 77. c6 Bd6
78. Rd5 Bc7 79. Rd7 Bb6 80. c7 Bxc7 81. Rxc7 Kf6 82. Rc5 Kg6 83. Rf5 Kg7 84. b4
Kg6 85. b5 Kg7 86. b6 Kg6 87. b7 Kg7 88. b8=Q Kg6 89. Qd6+ Kg7 90. Qf6+ Kg8 91.
Qg6+ Kh8 92. Rh5# 1-0

[Event "Eesti noorte klubide mv-sed"]
[Site "Kohtla-Järve"]
[Date "2020.09.25"]
[Round "1.5"]
[White "Barkasheva, Sofia"]
[Black "Karro, Adeliis"]
[Result "1-0"]
[WhiteElo "1657"]
[BlackElo "1228"]
[PlyCount "65"]
[EventDate "2020.09.25"]
[EventType "team"]
[EventCountry "EST"]
[SourceVersionDate "2020.10.16"]
[WhiteTeam "Kohtla-Järve Kalev"]
[BlackTeam "Tartu Kalev"]

1. e4 d5 2. exd5 Qxd5 3. Nf3 Qd6 4. d4 a6 5. g3 Nf6 6. Bg2 Bg4 7. h3 Bd7 8. O-O
Bc6 9. Bf4 Qd8 10. c4 e6 11. Nc3 Bd6 12. Ne5 Bxg2 13. Kxg2 O-O 14. Qf3 c6 15.
g4 Nbd7 16. g5 Ne8 17. Qg4 f5 18. Qg3 g6 19. Nxg6 Bxf4 20. Nxf4 Ng7 21. Rae1
Qe7 22. h4 Rae8 23. h5 Rd8 24. h6 Ne8 25. Nxe6 f4 26. Qg4 Rf7 27. Nxd8 Qxd8 28.
g6 f3+ 29. Kh1 Rf6 30. gxh7+ Kxh7 31. Qe4+ Rg6 32. Rg1 Kxh6 33. Qxg6# 1-0

[Event "Eesti noorte klubide mv-sed"]
[Site "Kohtla-Järve"]
[Date "2020.09.25"]
[Round "1.6"]
[White "Pool, Linda Maria"]
[Black "Dadon, Eva"]
[Result "1-0"]
[WhiteElo "1148"]
[BlackElo "1000"]
[PlyCount "83"]
[EventDate "2020.09.25"]
[EventType "team"]
[EventCountry "EST"]
[SourceVersionDate "2020.10.16"]
[WhiteTeam "Tartu Kalev"]
[BlackTeam "Kohtla-Järve Kalev"]

1. d4 d5 2. Nf3 Nc6 3. e3 Bg4 4. h3 Bh5 5. c4 Nf6 6. Qb3 e6 7. a3 Na5 8. Qa4+
Nc6 9. Ne5 Nd7 10. Nxc6 bxc6 11. Qxc6 Be7 12. cxd5 exd5 13. Bb5 a6 14. Bxa6 O-O
15. Qxd5 Bg6 16. Bb5 Nf6 17. Qxd8 Rfxd8 18. Nc3 Ne4 19. Nxe4 Bxe4 20. O-O Rd5
21. Bc6 Rad8 22. Bxd5 Rxd5 23. Bd2 Rg5 24. f3 Bd3 25. Rfc1 c5 26. dxc5 Be2 27.
Kf2 Bd3 28. c6 Bf5 29. e4 Be6 30. Bxg5 Bxg5 31. Rc5 Bh4+ 32. g3 Bf6 33. Rd1 h6
34. c7 Bc8 35. Rd8+ Kh7 36. Rxc8 Bd4+ 37. Ke2 Bxc5 38. Ra8 Bd6 39. c8=Q Be5 40.
Qf5+ g6 41. Qxf7+ Bg7 42. Qg8# 1-0

[Event "Eesti noorte klubide mv-sed"]
[Site "Kohtla-Järve"]
[Date "2020.09.26"]
[Round "1.1"]
[White "Timoshin, Andrei"]
[Black "Vaino, Nikita"]
[Result "1-0"]
[WhiteElo "2126"]
[BlackElo "1752"]
[PlyCount "52"]
[EventDate "2020.09.25"]
[EventType "team"]
[EventCountry "EST"]
[SourceVersionDate "2020.10.16"]
[WhiteTeam "Kohtla-Järve Kalev"]
[BlackTeam "SK Maletäht 2"]

1. e4 c6 2. d4 d5 3. Nd2 dxe4 4. Nxe4 Bf5 5. Ng3 Bg6 6. h4 h6 7. Nf3 Nd7 8. h5
Bh7 9. Bd3 Bxd3 10. Qxd3 Ngf6 11. Bf4 Qb6 12. O-O-O O-O-O 13. Kb1 e6 14. c4 c5
15. d5 Ng4 16. Qc2 e5 17. Bc1 g5 18. Rhe1 Bd6 19. Qf5 Ngf6 20. Nxe5 Bxe5 21.
Rxe5 Kb8 22. Re7 Rhf8 23. Rde1 Qd6 24. Qf3 Rde8 25. Nf5 Rxe7 26. Rxe7 Qb6 1-0

[Event "Eesti noorte klubide mv-sed"]
[Site "Kohtla-Järve"]
[Date "2020.09.26"]
[Round "1.2"]
[White "Rikas, Artur"]
[Black "Kuldmaa, Tanel"]
[Result "1-0"]
[WhiteElo "1563"]
[BlackElo "1383"]
[PlyCount "41"]
[EventDate "2020.09.25"]
[EventType "team"]
[EventCountry "EST"]
[SourceVersionDate "2020.10.16"]
[WhiteTeam "SK Maletäht 2"]
[BlackTeam "Kohtla-Järve Kalev"]

1. e4 c5 2. Nc3 a6 3. d4 cxd4 4. Qxd4 Nc6 5. Qa4 e6 6. Bf4 d6 7. O-O-O e5 8.
Bxe5 Be6 9. Bxd6 Bxd6 10. e5 b5 11. Qe4 Nxe5 12. Rxd6 Qxd6 13. Qxa8+ Ke7 14.
Be2 Ng6 15. Nf3 Nf6 16. Qb7+ Nd7 17. Rd1 Qf4+ 18. Kb1 b4 19. Rxd7+ Kf6 20. Ne4+
Kf5 21. Ng3+ 1-0

[Event "Eesti noorte klubide mv-sed"]
[Site "Kohtla-Järve"]
[Date "2020.09.26"]
[Round "1.3"]
[White "East, Marek"]
[Black "Sadekov, Maksim"]
[Result "0-1"]
[WhiteElo "1391"]
[BlackElo "1684"]
[PlyCount "50"]
[EventDate "2020.09.25"]
[EventType "team"]
[EventCountry "EST"]
[SourceVersionDate "2020.10.16"]
[WhiteTeam "Kohtla-Järve Kalev"]
[BlackTeam "SK Maletäht 2"]

1. e4 e6 2. Nf3 d5 3. Nc3 Nf6 4. exd5 exd5 5. d4 Be7 6. Be2 O-O 7. O-O Bg4 8.
Ne5 Bxe2 9. Qxe2 Re8 10. Re1 Nbd7 11. Bf4 Bb4 12. Bg5 c5 13. Bxf6 Nxf6 14. Qb5
a6 15. Qxb7 Re7 16. Qc6 cxd4 17. Nd3 dxc3 18. Nxb4 cxb2 19. Rad1 Rxe1+ 20. Rxe1
Rb8 21. Rb1 Rxb4 22. Qxa6 Ne4 23. Qa3 Qb8 24. c3 Rb6 25. c4 Nd2 0-1

[Event "Eesti noorte klubide mv-sed"]
[Site "Kohtla-Järve"]
[Date "2020.09.26"]
[Round "1.4"]
[White "Rodin, Robert"]
[Black "Gridin, Maksim"]
[Result "1-0"]
[WhiteElo "1136"]
[BlackElo "1267"]
[PlyCount "47"]
[EventDate "2020.09.25"]
[EventType "team"]
[EventCountry "EST"]
[SourceVersionDate "2020.10.16"]
[WhiteTeam "SK Maletäht 2"]
[BlackTeam "Kohtla-Järve Kalev"]

1. e4 c5 2. c3 e6 3. d4 d5 4. exd5 Qxd5 5. Nf3 Nc6 6. Be2 Be7 7. Be3 b6 8. Bb5
Bb7 9. c4 Qd6 10. d5 exd5 11. cxd5 Rd8 12. Nc3 Nf6 13. dxc6 Bxc6 14. Qxd6 Rxd6
15. Bxc6+ Rxc6 16. Rd1 O-O 17. O-O Ng4 18. Rfe1 f5 19. h3 Nxe3 20. Rxe3 Bd8 21.
Ne5 Rh6 22. Nd7 Rf7 23. Re8+ Rf8 24. Rxf8# 1-0

[Event "Eesti noorte klubide mv-sed"]
[Site "Kohtla-Järve"]
[Date "2020.09.26"]
[Round "1.5"]
[White "Barkasheva, Sofia"]
[Black "Ivanova, Ksenja"]
[Result "1-0"]
[WhiteElo "1657"]
[BlackElo "1028"]
[PlyCount "109"]
[EventDate "2020.09.25"]
[EventType "team"]
[EventCountry "EST"]
[SourceVersionDate "2020.10.16"]
[WhiteTeam "Kohtla-Järve Kalev"]
[BlackTeam "SK Maletäht 2"]

1. e4 e5 2. Nf3 Nc6 3. Bb5 d6 4. O-O Nf6 5. Re1 Bd7 6. c3 Be7 7. d4 exd4 8.
cxd4 O-O 9. h3 h6 10. Nc3 Re8 11. Bf4 a6 12. Ba4 Rb8 13. Qd2 Bf8 14. e5 dxe5
15. dxe5 Nh7 16. Rad1 Bf5 17. Qe3 Qe7 18. Bxc6 bxc6 19. Nd4 Qd7 20. Nxf5 Qxf5
21. Rd2 Rbd8 22. Red1 Rxd2 23. Qxd2 Rc8 24. g4 Qe6 25. Qe2 Re8 26. Qxa6 Be7 27.
a4 Bg5 28. Bg3 Nf8 29. f4 Be7 30. f5 Qb3 31. Qxc6 Qb6+ 32. Qxb6 cxb6 33. Bf2
Bc5 34. Rd5 Bxf2+ 35. Kxf2 Rb8 36. Ke3 Rb7 37. Kd4 Nd7 38. b4 Kf8 39. Kc4 Ke7
40. Rb5 Rb8 41. Nd5+ Kd8 42. Kd4 Ke8 43. e6 fxe6 44. fxe6 Nf6 45. Rxb6 Rxb6 46.
Nxb6 Ng8 47. a5 Ne7 48. Kc5 Kd8 49. Kd6 Nc8+ 50. Nxc8 Kxc8 51. e7 Kb8 52. e8=Q+
Ka7 53. Kc7 g5 54. Qb8+ Ka6 55. Qb6# 1-0

[Event "Eesti noorte klubide mv-sed"]
[Site "Kohtla-Järve"]
[Date "2020.09.26"]
[Round "1.6"]
[White "Rogaten, Varvara"]
[Black "Dadon, Eva"]
[Result "1-0"]
[WhiteElo "1319"]
[BlackElo "1000"]
[PlyCount "93"]
[EventDate "2020.09.25"]
[EventType "team"]
[EventCountry "EST"]
[SourceVersionDate "2020.10.16"]
[WhiteTeam "SK Maletäht 2"]
[BlackTeam "Kohtla-Järve Kalev"]

1. e4 e5 2. Nf3 Nc6 3. Bc4 Bc5 4. c3 Nf6 5. d3 d5 6. exd5 Nxd5 7. O-O Qf6 8.
Bxd5 Qg6 9. Kh1 Qh5 10. Bxc6+ bxc6 11. Re1 Bd6 12. Qe2 O-O 13. Ng5 Qh6 14. Ne4
Qg6 15. Nxd6 cxd6 16. Nd2 Bg4 17. Qe4 Bf5 18. Qxc6 Bxd3 19. Ne4 Rac8 20. Qd5
Bc4 21. Qxd6 Rcd8 22. Qxg6 fxg6 23. Be3 Rf5 24. Rad1 Bd5 25. Ng3 Rf7 26. c4
Bxg2+ 27. Kxg2 Rc8 28. b3 a5 29. Ne4 Ra8 30. Rd5 Re7 31. Red1 a4 32. Rd8+ Rxd8
33. Rxd8+ Kf7 34. c5 a3 35. b4 Rb7 36. Bd2 Ke7 37. Bg5+ Ke6 38. Re8+ Kf5 39.
Nd6+ Kxg5 40. Nxb7 Kf6 41. c6 Kf7 42. Nd6+ Kf6 43. c7 Kg5 44. c8=Q Kh5 45. Qh3+
Kg5 46. Ne4+ Kf4 47. Qf3# 1-0

[Event "Eesti noorte klubide mv-sed"]
[Site "Kohtla-Järve"]
[Date "2020.09.26"]
[Round "2.1"]
[White "Pedmanson, Albert"]
[Black "Andrijashkin, Deniss"]
[Result "0-1"]
[WhiteElo "1836"]
[BlackElo "1950"]
[PlyCount "80"]
[EventDate "2020.09.25"]
[EventType "team"]
[EventCountry "EST"]
[SourceVersionDate "2020.10.16"]
[WhiteTeam "Tartu Kalev"]
[BlackTeam "SK Maletäht 1"]

1. e4 g6 2. d4 Bg7 3. c3 d6 4. Bd3 e5 5. Ne2 Nf6 6. O-O O-O 7. f4 Nbd7 8. Nd2
Re8 9. Qc2 b6 10. fxe5 dxe5 11. Nf3 Bb7 12. Bg5 h6 13. Bh4 g5 14. Bg3 exd4 15.
Nfxd4 Nc5 16. e5 Qd5 17. Rf3 Nfe4 18. Nf5 Nxg3 19. Nexg3 Nxd3 20. Rxd3 Qxe5 21.
Re3 Qc5 22. b4 Qf8 23. Rae1 Rxe3 24. Rxe3 Re8 25. Qe2 Rxe3 26. Qxe3 Qd8 27.
Nxg7 Qd5 28. Qe2 Kxg7 29. Qc2 Qe5 30. Qd2 Bd5 31. a3 f5 32. Qe2 Qxe2 33. Nxe2
Kf6 34. Kf2 Ke5 35. Nd4 a6 36. g3 Ke4 37. Ke2 c5 38. bxc5 bxc5 39. Nc2 Bc4+ 40.
Kd2 f4 0-1

[Event "Eesti noorte klubide mv-sed"]
[Site "Kohtla-Järve"]
[Date "2020.09.26"]
[Round "2.2"]
[White "Aga, Rihard"]
[Black "Raide, Sivert"]
[Result "1-0"]
[WhiteElo "1974"]
[BlackElo "1356"]
[PlyCount "103"]
[EventDate "2020.09.25"]
[EventType "team"]
[EventCountry "EST"]
[SourceVersionDate "2020.10.16"]
[WhiteTeam "SK Maletäht 1"]
[BlackTeam "Tartu Kalev"]

1. d4 Nf6 2. c4 e6 3. Nf3 Bb4+ 4. Bd2 Qe7 5. a3 Bxd2+ 6. Nbxd2 b6 7. e3 Bb7 8.
Bd3 d5 9. cxd5 Nxd5 10. Qc2 h6 11. Rc1 O-O 12. O-O Nd7 13. Bb5 Rac8 14. Qa4 c6
15. Bxc6 Bxc6 16. Rxc6 N7f6 17. Rfc1 Qd7 18. Qc2 Ne7 19. Ne5 Qd8 20. Rxc8 Qxc8
21. h3 Qxc2 22. Rxc2 Rc8 23. Rxc8+ Nxc8 24. Kf1 Kf8 25. Ke2 Ke7 26. Kd3 Nd5 27.
g3 f6 28. Nec4 Kd7 29. e4 Nde7 30. f4 g6 31. Ne3 h5 32. g4 a6 33. Ndc4 Kc6 34.
g5 fxg5 35. Ne5+ Kd6 36. fxg5 Na7 37. Ng2 Nac6 38. Nc4+ Kc7 39. Nf4 b5 40.
Nxe6+ Kd7 41. Nc5+ Kc7 42. Ne3 a5 43. e5 Kb6 44. Ne6 b4 45. Ke4 Na7 46. a4 Kc6
47. d5+ Kd7 48. Nc4 Nf5 49. Nf8+ Ke8 50. Nxg6 Ng3+ 51. Kd4 Ne2+ 52. Kc5 1-0